| 000 | 00585nam a2200205Ia 4500 | ||
|---|---|---|---|
| 008 | 170918s9999 xx 000 0 und d | ||
| 020 | _a9780439581431 | ||
| 050 | _bF246 2003 | ||
| 100 | _aFarris, Christine King | ||
| 245 | _aMy brother Martin : | ||
| 245 | _ba sister remembers growing up with the Rev. Dr. Martin Luther King Jr. / | ||
| 245 | _cChristine King Farris ; illustrated by Chris Soentpiet. | ||
| 260 | _aNew York : | ||
| 260 | _bScholastic, | ||
| 260 | _c2003 | ||
| 300 | _aunpaged : | ||
| 300 | _bcolored illustration ; | ||
| 300 | _c23cm. | ||
| 500 | _a970 | ||
| 999 |
_c342245 _d342245 |
||